| 000 | 00512nam a2200193Ia 4500 | ||
|---|---|---|---|
| 003 | GCL | ||
| 008 | 140319s9999 xx 000 0 eng d | ||
| 020 | _a1564784053 | ||
| 040 |
_aGCL / _cGCL |
||
| 082 | 0 | 4 |
_a895.6 _bK E |
| 100 | 1 | _aKOJIMA , NOBUO | |
| 245 | 1 | 0 |
_aEMBRACING FAMILY / _cKOJIMA , NOBUO |
| 700 | 1 | _aTANAKA , YUKIKO | |
| 260 |
_aانجلترا : _bDALKEY ARCHIVE PRESS ، _c2005 |
||
| 300 |
_a161 P ؛ _c23 cm. |
||
| 650 | 0 | 4 | _aJAPANESE LITERATURE |
| 650 | 0 | 4 | _aJAPANESE FICTION |
| 942 |
_2ddc _cBK |
||
| 999 |
_c7877 _d7877 |
||